Možnosti použitia optimalizačných metód v logistických činnostiach podniku dizertačná práca
Gespeichert in:
| 1. Verfasser: | |
|---|---|
| Körperschaft: | |
| Weitere Verfasser: | |
| Format: | Buch |
| Sprache: | Slowakisch |
| Veröffentlicht: |
Bratislava
2006
|
| Schlagworte: | |
| Tags: |
Keine Tags, Fügen Sie das erste Tag hinzu!
|
MARC
| LEADER | 00000nam$a2200000$$$4500 | ||
|---|---|---|---|
| 001 | 0054984 | ||
| 005 | 20240809105148.2 | ||
| 041 | 0 | |a slo | |
| 044 | |a SK | ||
| 245 | 1 | 0 | |a Možnosti použitia optimalizačných metód v logistických činnostiach podniku |b dizertačná práca |c Marian Reiff ; škol. Ivan Brezina |
| 264 | 1 | |a Bratislava |c 2006 | |
| 300 | |a 129 s. | ||
| 610 | 2 | 0 | |a logistika podniková |
| 610 | 2 | 0 | |a metódy optimalizačné |
| 610 | 2 | 0 | |a distribúcia |
| 610 | 2 | 0 | |a modely distribučné |
| 610 | 2 | 0 | |a modely stochastické |
| 100 | 1 | |a Reiff, Marian, 1978- | |
| 700 | 1 | |a Brezina, Ivan, 1963- | |
| 710 | 2 | |a Fakulta hospodárskej informatiky EU. Katedra operačného výskumu a ekonometrie | |